000 00927nam a2200253 i 4500
003 DO-SdBNP
005 20240308073620.0
006 a||||gr|||| 00| 0
007 ta
008 231101e2018 dr a|||| |||| 00| e spa d
020 _a9789945091168
040 _aDO-SdBNP
_bspa
_cBNPHU
_erda
082 4 _222
_bV671t
245 1 0 _aTertulia:
_btestimonio de un combatiente haitiano del comando b-3 (guerra de abril 1965). /
_cLionel Vieux; cuidado de la edición: Avelino Stanley.
264 1 _aSanto Domingo :
_bMuseo Memorial de la Resistencia Dominicana,
_c2018
300 _a67 páginas :
_bIlustraciones, retrato ;
_c21 cm.
336 _2rdacontent
_atexto
_btxt
337 _2rdamedia
_asin mediación
_bn
338 _2rdacarrier
_avolumen
_bnc
500 _aFoto de portada: Algunos integrantes del Comando B-3.
590 _aInventariado 2023 / MF
700 1 _aStanley, Avelino,
_d1959-
_eeditor
_91536
942 _2ddc
_cLBS1
999 _c55362
_d55362